| 000 | 00404nam a22001577a 4500 | ||
|---|---|---|---|
| 003 | OSt | ||
| 005 | 20140310182218.0 | ||
| 008 | 130909t xxu||||| |||| 00| 0 eng d | ||
| 050 |
_aF 2251 _b.C718 1991 |
||
| 082 |
_aHS 641.8 _bH19 1996 |
||
| 245 |
_aColombia : _cAngela Garcia |
||
| 260 |
_aColombia; _bmary cabal editors _c1991 |
||
| 300 |
_a56 p. : _bill. ; _c22 cm. |
||
| 942 |
_2lcc _cHS |
||
| 999 |
_c10659 _d10659 |
||